Asian national team nicknames - Statistics

General Stats
  • This quiz has been taken 51 times
  • The average score is 15 of 41
Answer Stats
Hint Answer % Correct
サムライ・ブルー (Samurai Blue) Japan
100%
Harimau Malaya (Malayan Tigers) Malaysia
88%
龍之隊 (Dragon Team) China
82%
អ្នកចម្បាំងអង្គរ (Angkor Warriors) / Koupreys Cambodia
79%
태극 전사 (Taegeuk Warriors) / 붉은 악마 (Red Devils) South Korea
76%
Những Chiến Binh Sao Vàng (Golden Star Warriors) Vietnam
76%
اسود الرافدين (Usood Al-Rafidain, "Lions of Mesopotamia") Iraq
74%
رجال الأرز (The Cedars) Lebanon
71%
Merah Putih (Red and Whites) / Tim Garuda / Penggawa Garuda Indonesia
65%
Bengal Tigers Bangladesh
62%
الصقور العربية (Arabian Falcons) / الصقور الخضر (Green Falcons) Saudi Arabia
62%
The Gorkhali (Gurkhas) Nepal
56%
천리마 (Chollima) North Korea
53%
藍翼軍團 (Blue Wings) Taiwan
47%
العنابي (The Maroons) Qatar
41%
Dragon Boys Bhutan
38%
War Elephants Thailand
38%
O Sol Nascente (The Rising Sun) East Timor
35%
Xөx чононууд (Khökh Chononuud, "Blue Wolves") Mongolia
29%
یوز های آسیایی (Asian Cheetahs) Iran
26%
ລ້ານຊ້າງ (Lan Xang, "Million Elephants") Laos
26%
The Lions Singapore
26%
Golden Lions Sri Lanka
26%
Шерҳои Форсӣ (Persian Lions) Tajikistan
24%
عيال زايد (Sons of Zayed) UAE
24%
الذئب الأحمر (Men in Red) Bahrain
21%
Ак шумкарлар (White Falcons) Kyrgyzstan
21%
Oq boʻrilar (White Wolves) Uzbekistan
18%
شیر های خراسان (Širhâi Khorasan) Afghanistan
15%
الأزرق (Al-Azraq, "The Blues") Kuwait
15%
Red Snappers The Maldives
15%
اليمن السعيد (The Happy [country name]) Yemen
15%
Chinthe Myanmar
12%
Aхал-теке Turkmenistan
12%
The Blue Tigers India
9%
النشامى (An-Nashama, "The Chivalrous Ones") Jordan
9%
الأحمر (The Reds) / سامبا الخليج (Gulf Samba) Oman
9%
Tebuan (Wasps) Brunei
6%
Azkals Philippines
6%
شاہین (Shaheen, "The Falcons") Pakistan
3%
نسور قاسيون (Qasioun Eagles) Syria
3%
No matching quizzes found
Score Distribution
Percent of People with Each Score
Percentile by Number Answered
Your Score History
You have not taken this quiz